Central Library OPAC University of Rajshahi

গণহত্যা-বধ্যভূমি ও গণকবর জরিপ : (Record no. 79324)

MARC details
000 -LEADER
fixed length control field 01504nam a2200289 a 4500
001 - CONTROL NUMBER
control field 79324
003 - CONTROL NUMBER IDENTIFIER
rucl marc code BD-RjUL
005 - DATE AND TIME OF LATEST TRANSACTION
control field 20220206111839.0
008 - FIXED-LENGTH DATA ELEMENTS--GENERAL INFORMATION
fixed length control field 220206s2018 bg ||||| |||| 00| 0 ben d
020 ## - INTERNATIONAL STANDARD BOOK NUMBER
International Standard Book Number 9789843428318
Terms of availability : Tk. 200.00
035 ## - SYSTEM CONTROL NUMBER
System control number (BD-RjUL)79324
040 ## - CATALOGING SOURCE
Original cataloging agency BD-RjUL
Language of cataloging eng
Transcribing agency BD-RjUL
041 ## - LANGUAGE CODE
Language code of text/sound track or separate title ben
082 ## - DEWEY DECIMAL CLASSIFICATION NUMBER
Edition number 23
Classification number 954.9205
Author mark and year RAG 2018
100 ## - MAIN ENTRY--PERSONAL NAME
Personal name রহমান, মো. মাহবুবর
245 10 - TITLE STATEMENT
Title গণহত্যা-বধ্যভূমি ও গণকবর জরিপ :
Remainder of title রাজশাহী জেলা /
Statement of responsibility, etc. মো. মাহবুবর রহমান, তাহসিনা শারমিন
260 ## - PUBLICATION, DISTRIBUTION, ETC. (IMPRINT)
Place of publication, distribution, etc. খুলনা :
Name of publisher, distributor, etc. ১৯৭১ : গণহত্যা - নির্যাতন আর্কাইভ ও জাদুঘর ট্রাস্ট,
Date of publication, distribution, etc. ২০১৮
300 ## - PHYSICAL DESCRIPTION
Pagination ১২৮ পৃ.:
Illustrations চিত্রসমূহ,
Size ২৩ সেমি.
490 ## - SERIES STATEMENT
Series statement জরিপ গ্রন্থমালা :
Volume/sequential designation
650 ## - SUBJECT ADDED ENTRY--TOPICAL TERM
Source of heading or term বাংলাদেশ -- ইতিহাস -- মুক্তিযুদ্ধ, ১৯৭১
Topical term or geographic name as entry element | Bangladesh -- History -- Revolution, 1971
9 (RLIN) 1151
Topical term or geographic name as entry element গণহত্যা
Geographic subdivision রাজশাহী
Chronological subdivision মুক্তিযুদ্ধ, ১৯৭১
9 (RLIN) 1152
Topical term or geographic name as entry element Genocide
Geographic subdivision Rajshahi
Chronological subdivision War of Liberation, 1971
9 (RLIN) 1153
700 ## - ADDED ENTRY--PERSONAL NAME
Personal name শারমিন, তাহসিনা
830 ## - SERIES ADDED ENTRY--UNIFORM TITLE
Uniform title জরিপ গ্রন্থমালা :
Volume number/sequential designation
942 ## - ADDED ENTRY ELEMENTS (KOHA)
Source of classification or shelving scheme Dewey Decimal Classification
Koha item type Books
Holdings
Lost status Source of classification or shelving scheme Damaged status Not for loan Collection code Permanent Location Current Location Shelving location Date acquired Source of acquisition Cost, normal purchase price Total Checkouts Full call number Date last seen Copy number Koha item type
  Dewey Decimal Classification   Not For Loan Non-fiction Central Library, University of Rajshahi Central Library, University of Rajshahi Bangabandhu Corner Section 11/03/2021 Rajshahi Heritage Archives of Bangladesh 160.00   B 954.9205 RAG 2018 06/02/2022 C-1 Books